Statistics for Random Minecraft Trivia

Click here to take the quiz!

General Stats

  • This quiz has been taken 356 times
    (310 since last reset)
  • The average score is 11 of 15

Answer Stats

QuestionAnswer% Correct
What are wolves tamed with?Bones
91%
Where do witches' huts spawn?Swamps
89%
Which mob has the most health?The Wither (300)
89%
What is the only mob that can spawn in all 3 dimensions?Endermen
88%
Which mob spawns only in Nether Fortresses?Blazes or Wither Skeletons
86%
Which company created Minecraft?Mojang
85%
What mob is exclusive to end cities?Shulkers
85%
How many music discs are there?13
82%
What material is turned into netherite scraps?Ancient Debris
80%
When was Minecraft fully released?May 17, 2009
77%
How many hearts does the ender dragon have?100
74%
What redstone component detects block updates?Observers
58%
How many biomes are needed for the "Adventuring Time" advancement?42
49%
How often can you change your username in Minecraft?Once a month
44%
What profession does a villager gain from a blast furnace?Armorsmith
15%

Score Distribution

Percentile by Number Answered

Percent of People with Each Score

Your Score History

You have not taken this quiz since the last reset